| 000 | 00403nam a2200097Ia 4500 | ||
|---|---|---|---|
| 008 | 180130s9999 xx 000 0 und d | ||
| 245 |
_cKatsumata, Masashi _aTask context-aware e-mail platform for collaborative tasks |
||
| 260 | _c2016 | ||
| 300 | _aBook title: Human-computer interaction : design, developments and applications--Acession number C20741; pages 238-247 | ||
| 650 | _aHUMAN-COMPUTER INTERACTION | ||
| 999 |
_c354381 _d354381 |
||